| 000 | 00400nam a2200157Ia 4500 | ||
|---|---|---|---|
| 008 | 151213s9999 xx 000 0 und d | ||
| 100 | _aJ. Middletor Murry | ||
| 245 |
_aThe Problem of Style _cJ. Middletor Murry |
||
| 250 | _a1st | ||
| 260 |
_aLondon _bOxford University Press _c1922 |
||
| 300 | _a4531 p. | ||
| 650 | _aCritics | ||
| 650 | _aEnglish | ||
| 700 | _aJ. Middletor Murry | ||
| 999 |
_c2906 _d2906 |
||